000 00212 a2200097 4500
001 10521
100 _aLoney, S L
245 _aElements of coordinate geometry.
260 _a
_bMacmillan
_c
090 _c8136
_d8136
942 _aNUST-CAE
_cM
_c34863
999 _c245594
_d245594